Curso superior de sintaxis española

Guardat en:
Dades bibliogràfiques
Autor principal: Gili Gaya, Samuel (Autor)
Format: Llibre
Idioma:espanyol
Publicat: Barcelona Spes 2003
Edició:15a. ed
Matèries:
Etiquetes: Afegir etiqueta
Sense etiquetes, Sigues el primer a etiquetar aquest registre!

MARC

LEADER 00000nam a2200000 a 4500
001 UCI2936
003 CL-VaPUC
008 071005e20030000SP |||||||||||||||||spa|d
020 |a 8471539888 
082 0 4 |a 465  |b GIL  |2 21 
100 |a Gili Gaya, Samuel  |e author  |9 524203 
245 1 0 |a Curso superior de sintaxis española 
250 |a 15a. ed 
300 |a 347 p 
942 |c BK 
945 |d 20071005 00:00:00  |a cmena 
260 |a Barcelona  |b Spes  |c 2003 
650 0 |a Sintaxis  |9 318843 
650 0 |a Idioma español  |9 309143 
650 0 |a Gramática  |9 270497 
650 7 |a ESTRUCTURA GRAMATICAL  |2 CL-VaPUC  |9 419974 
583 |a last modification  |c 20071005 00:00:00  |k Rodrigo Vera 
999 |c 327345  |d 327343 
952 |0 0  |1 0  |4 0  |6 465_000000000000000_GIL_2003  |7 0  |8 R  |9 410083  |a BIBEDU  |b BIBEDU  |c MCIRC  |d 2019-11-22  |i 4332644  |l 1  |o 465 GIL 2003  |p 4332644  |r 2023-01-13  |s 2022-10-05  |w 2019-11-22  |y BK_R  |k LIT